000 01358nam a2200361 a 4500
999 _c156285
_d156285
003 BLK
005 20250128005513.0
008 180410b bul|||||r ||||||| ||bul||
010 _aKNG00163088000
040 _aBLK
041 _aBUL
_cBUL
080 _aВътрешна политика. Вж и 329
_b323
_x(497.2)
_z323(497.2)
100 1 _aДимитров, Румен
_eпърви автор
_9364970
139 _aДимитров, Румен
_bД 58
245 1 0 _aТрибуна или форум
_bРазмисли и есета (1986-1992)
_cРумен Димитров.
257 _aBGR
260 _aЖенева-Париж-София
_bЖорж Неф
_c1992
300 _a254 с.
_c21 см
380 _a3
490 _aОткрития
_9207461
500 _aБез сведение за цена.
650 0 _aБългария - вътрешна политика
_9241559
651 4 _aБългария
_9241624
653 _aБългария
653 _aвътрешна политика
852 _aЦб 169510
856 4 _qpdf
_i0.00
_ldisable
856 4 _qpdf
_i0.00
_ldisable
942 _cKNG
_n0
_s1
944 _aCR
_c16.07.2014
_lCRON CRON
_k
944 _aED
_c22.02.2017
_l16.07.2014 - от С1,Р / 16.07.2014
_kНора_Радева
999 _d156285